Vanderbilt Alumni - Statistics

General Stats
  • This quiz has been taken 13 times
  • The average score is 5 of 17
Answer Stats
Hint Answer % Correct
Vice President of the United States from 1993 to 2001 and Democratic presidential nominee for the 2000 election Al Gore
92%
Governor of Texas since 2015 Greg Abbott
46%
Former quarterback who played for the Chicago Bears and Denver Broncos Jay Cutler
46%
Hall of Fame football head coach who coached most notably at Texas and North Carolina Mack Brown
46%
Governor of Kentucky since 2019 Andy Beshear
38%
Football head coach at Vanderbilt since 2021 Clark Lea
38%
Senator from Louisiana since 2017 John Kennedy
31%
Vice President of the United States from 1933 to 1941 John Nance Garner
31%
Senator from Tennessee since 2021 Bill Hagerty
23%
Director, "Warcraft" "Moon" "Source Code" Duncan Jones
23%
Senator from Tennessee from 1994 to 2003 Fred Thompson
23%
Senator from Tennessee from 2003 to 2021 Lamar Alexander
23%
Owner of the Phoenix Suns Justin Ishbia
15%
Actress, "Fear the Walking Dead" "House of Cards" "Gone Girl" Kim Dickens
15%
Bangladeshi founder of the Grameen Bank, pioneer of microcredit and 2006 Nobel Peace Prize recipient Muhammad Yunus
15%
Pioneer of heart surgery and the first to perform an adult human to human heart transplantation in the U.S. Norman Shumway
15%
Writer and poet who is the only person to have won Pulitzer Prizes for both fiction and poetry, "All the King's Men" Robert Penn Warren
15%
No matching quizzes found
Score Distribution
Percent of People with Each Score
Percentile by Number Answered
Your Score History
You have not taken this quiz